000 00405nam a2200169Ia 4500
001 12548
003 IN-NITTTR
005 20251114233117.0
008 251113s9999||||xx |||||||||||||| ||eng||
040 _beng
040 _cIN-NITTTR
041 _aeng
082 _a621.38195 H14M
100 _aHall, Douglas V.
245 0 _aMicroprocessors and digital systems. /
_cHall, Douglas V.
942 _2ddc
_cBK
999 _c15184
_d15184